Представление документа в формате RUSMARC

Поле Инд. ПП Название Значение
Тип записи a
Библиографический уровень a
001 Контрольный номер 1cda2c5deaab4289b9f2c296d73e8841
005 Дата корректировки 20231202102457.5
100 a Данные общей обработки 20210330 ||| 0rusy0189 ca
101 0_ a Язык текста rus
102 a Страна публикации RU
200 1_ a Заглавие Конституционно-правовое регулирование права на судебную защиту в европейских странах
b Общее обозначение материала Электронный ресурс
203 a Вид содержания Текст : электронный
300 a Общие примечания Чтение статьи доступно в Источнике
336 a Примечание о виде электронного ресурса PDF
461 _0 1 2000
a Российское правосудие
463 _0 1 2000
a № 11
b Текст
v С. 90-93
1 2101
d 2009
1 0017976379f52654d66999d108b9976f5cb
606 a Основная рубрика Право. Юридические науки
x Основная подрубрика Конституционное (государственное) право
x Основная подрубрика Права человека
610 0_ a Ключевые слова ЗАЩИТА ПРАВ И СВОБОД
a Ключевые слова СУДЕБНАЯ ЗАЩИТА
a Ключевые слова СРАВНИТЕЛЬНОЕ ПРАВОВЕДЕНИЕ
a Ключевые слова ПРАВО ЗАРУБЕЖНЫХ СТРАН
700 _1 a Фамилия Сучилкин
b Имя М. В.
801 _0 a Страна RU
b Организация РГУП
c Дата составления 20210330
g Правила каталогизации PSBO
901 t Тип документа b
w Контрольный № источника 7976379f52654d66999d108b9976f5cb
905 a Дата ввода 20210330